Irwin Law Legal Research & Writing (Third Edition) /

Bibliographic Details
Main Author: Tjaden, Ted
Format: eBook
Language:English
Published: Toronto: Irwin Law Inc., 2010
Edition:Third Edition
Subjects:
Online Access:Acceso restringido

MARC

LEADER 00000nam a22000007a 4500
005 20171102194319.0
007 cr|||| ||||
008 171102s2010 xxc|||||s|||| 00||0 eng d
020 |a 978-1-55221-176-2 
035 |a 20686 
040 |a vLex 
090 |c 7197  |d 7197 
100 1 |a Tjaden, Ted 
245 1 0 |a Irwin Law  |h [Recurso electrn̤ico] :  |b Legal Research & Writing (Third Edition) /  |c Ted Tjaden - National Director of Knowledge Management McMillan LLP  
250 |a  Third Edition 
256 |a Servicio en ln̕ea 
260 |a Toronto:  |b Irwin Law Inc.,  |c 2010 
300 |a 1 recurso electrn̤ico 
506 1 |a Disponible solo en los productos indicados  |d vLex Global  |d vLex Global (Academic Edition, excluding Law Schools)  |d vLex Global (U.S. Academic Edition, Law Schools)  |d vLex Global (U.S. Academic Edition, excluding Law Schools)  |d vLex Global (Academic Edition, Law Schools) 
650 0 4 |a Derecho civil  |z Canad̀ 
740 0 |a vLex Libros (Servicio en ln̕ea) 
856 4 0 |u http://vlex.com/source/legal-research-writing-20686  |z Acceso restringido 
942 |c BOOK 
999 0 |a Civil law